00858nam a22002177a 450000500170000000800410001702000180005804100080007604400070008408200180009111000710010924501420018026000630032230000300038550400530041565000290046865000360049765000300053365000360056365000410059920130723142356.0120215s2010 ck a frb 000 0 spa d a9789584477316 aspa ack04a333.91bA678g1 aArea Metropolitana del Valle de AburrábSubdirección Ambiental10aGuía metodológica para determinar módulos de consumo y factores de vertimientos de agua. cArea Metropolitana del Valle de Aburrá aMedellínbArea Metropolitana del Valle de Aburrác2010 a76 p.bil. (col.)c27 cm. aIncluye referencias bibliográficas y glosario.17aConsumo de aguavGuías17aUtilización del aguavGuías17aCalidad del aguavGuías17aAbastecimiento de aguavGuías17aAguaxAspectos económicosvGuías